music trivia: 1980 songs and artists - Statistics

General Stats
  • This quiz has been taken 339 times
    323 since last reset
  • The average score is 7 of 15
Answer Stats
This song from 1980 is by... ...this group or artist from 1980 % Correct
Crazy Little Thing Called Love Queen
93%
Rock With You Michael Jackson
70%
Brass in Pocket The Pretenders
64%
Fame Irene Cara
63%
(Just Like) Starting Over John Lennon
60%
Funkytown Lipps Inc.
57%
Hungry Heart Bruce Springsteen
56%
You May Be Right Billy Joel
51%
Against the Wind Bob Seger
46%
Coming Up Paul McCartney
42%
Games Without Frontiers Peter Gabriel
42%
Master Blaster (Jammin') Stevie Wonder
32%
While You See a Chance Steve Winwood
30%
Let My Love Open the Door Pete Townshend
22%
Seven Bridges Road The Eagles
22%
No matching quizzes found
Score Distribution
Percent of People with Each Score
Percentile by Number Answered
Your Score History
You have not taken this quiz since the last reset